000
00334nam a22001457a 4500
008
230404b ||||| |||| 00| 0 eng d
020
_a
9780990724308
041
_a
eng
080
_2
2ND EDITION
_a
159.9
082
_a
159.9FUL
100
_a
25
101
_a
PSI
245
_a
AP PHYSICS ESSENTIALS
_c
FULLERTON .D
942
_2
udc
_c
BK
999
_c
59502
_d
59502